书目信息 |
| 题名: |
农村沼气问答
|
|
| 作者: | ;四川省沼气推广领导小组办公室 编著 | |
| 分册: | ||
| 出版信息: | 成都 四川人民出版社 1979 |
|
| 页数: | 124页 | |
| 开本: | 19cm | |
| 丛书名: | ||
| 单 册: | ||
| 中图分类: | S216.4 | |
| 科图分类: | ||
| 主题词: | 甲烷-应用-农业 , 农业-甲烷-应用 | |
| 电子资源: | ||
| ISBN: | ||
| 000 | 00729nam0 2200241 45 | |
| 001 | 0179004037 | |
| 005 | 20060801092315.21 | |
| 010 | @dCNY0.35 | |
| 091 | @a15144.549 | |
| 100 | @a19950802d1979 em y0chiy0121 ea | |
| 101 | 0 | @achi |
| 102 | @aCN@b510000 | |
| 105 | @ay z 000yy | |
| 200 | 10 | @a农村沼气问答@Anong cun zhao qi wen da@f四川省沼气推广领导小组办公室编著 |
| 210 | @a成都@c四川人民出版社@a北京@c农业出版社@d1979 | |
| 215 | @a124页@d19cm | |
| 606 | @a甲烷-应用-农业 | |
| 606 | @a农业-甲烷-应用 | |
| 610 | 0 | @a沼气 |
| 690 | @aS216.4@v3 | |
| 711 | 02 | @a四川省沼气推广领导小组办公室@Asi chuan sheng zhao qi tui guang ling dao xiao zu ban gong shi@4编著 |
| 801 | 0 | @aCN@bTSSF@c20060801 |
| 905 | @a10447@dS216.4@e29 | |
| 农村沼气问答/四川省沼气推广领导小组办公室编著.-成都:四川人民出版社;北京:农业出版社,1979 |
| 124页;19cm |
| ISBN :CNY0.35 |
| ● |
| 相关链接 |
|
|
|
|
正题名:农村沼气问答
索取号:S216.4/29
 
预约/预借
| 序号 | 登录号 | 条形码 | 馆藏地/架位号 | 状态 | 备注 |
| 1 | 0439272 | 204392727 | 密集书库/ [索取号:S216.4/29] | 在馆 |